Safeguards Assessments Policy : External Expert Panel's Advisory Report.

This report by the external expert panel ('the panel') examines the effectiveness and appropriateness of the safeguards assessments policy in the five years since its last review in 2010. In addition to expressing an opinion on the effectiveness and appropriateness of the safeguards assess...

Deskribapen osoa

Xehetasun bibliografikoak
Erakunde egilea: International Monetary Fund
Formatua: Aldizkaria
Hizkuntza:English
Argitaratua: Washington, D.C. : International Monetary Fund, 2015.
Saila:Policy Papers; Policy Paper ; No. 2015/056
Sarrera elektronikoa:Full text available on IMF
LEADER 01811cas a2200241 a 4500
001 AALejournalIMF020437
008 230101c9999 xx r poo 0 0eng d
020 |c 5.00 USD 
020 |z 9781498344173 
022 |a 2663-3493 
040 |a BD-DhAAL  |c BD-DhAAL 
110 2 |a International Monetary Fund. 
245 1 0 |a Safeguards Assessments Policy :   |b External Expert Panel's Advisory Report. 
264 1 |a Washington, D.C. :  |b International Monetary Fund,  |c 2015. 
300 |a 1 online resource (38 pages) 
490 1 |a Policy Papers 
500 |a <strong>Off-Campus Access:</strong> No User ID or Password Required 
500 |a <strong>On-Campus Access:</strong> No User ID or Password Required 
506 |a Electronic access restricted to authorized BRAC University faculty, staff and students 
520 3 |a This report by the external expert panel ('the panel') examines the effectiveness and appropriateness of the safeguards assessments policy in the five years since its last review in 2010. In addition to expressing an opinion on the effectiveness and appropriateness of the safeguards assessment policy, the panel also makes recommendations to the Executive Board for its consideration to improve and optimize the benefits to be garnered from the safeguards assessment policy. The panel's opinion is based on (i) consultations with key stakeholders, including central bank authorities, IMF Executive Directors' offices, Fund and World Bank staff; (ii) examination of safeguards assessment and other Fund-specific documents; and (iii) study of international reference materials. 
538 |a Mode of access: Internet 
830 0 |a Policy Papers; Policy Paper ;  |v No. 2015/056 
856 4 0 |z Full text available on IMF  |u http://elibrary.imf.org/view/journals/007/2015/056/007.2015.issue-056-en.xml  |z IMF e-Library